<?xml version="1.0" encoding="UTF-8"?>
<record
    xmlns:xsi="http://www.w3.org/2001/XMLSchema-instance"
    xsi:schemaLocation="http://www.loc.gov/MARC21/slim http://www.loc.gov/standards/marcxml/schema/MARC21slim.xsd"
    xmlns="http://www.loc.gov/MARC21/slim">

  <leader>00928naa a2200181 i 4500</leader>
  <controlfield tag="001">10511</controlfield>
  <controlfield tag="003">KOSZ 005</controlfield>
  <controlfield tag="005">20180425144312.0</controlfield>
  <controlfield tag="008">180425s1996    pl ||||f |||| 10| 0 pol d</controlfield>
  <datafield tag="040" ind1=" " ind2=" ">
    <subfield code="c">KOSZ 005/AR</subfield>
    <subfield code="a">KOSZ 005/AR</subfield>
  </datafield>
  <datafield tag="080" ind1=" " ind2=" ">
    <subfield code="a">37</subfield>
  </datafield>
  <datafield tag="100" ind1="1" ind2=" ">
    <subfield code="a">SUGIER, Edward.</subfield>
    <subfield code="b">Politechnika Koszali&#x144;ska - Instytut Zarz&#x105;dzania i Marketingu.</subfield>
  </datafield>
  <datafield tag="245" ind1="1" ind2="0">
    <subfield code="a">Zarys pos&#x142;ugi duszpasterskiej w polskich si&#x142;ach zbrojnych do 1918 r. / </subfield>
    <subfield code="c">Edwar Sugier, Wies&#x142;aw Wi&#x15B;niewski.</subfield>
  </datafield>
  <datafield tag="655" ind1=" " ind2="0">
    <subfield code="a">Materia&#x142;y konferencyjne.</subfield>
  </datafield>
  <datafield tag="700" ind1=" " ind2=" ">
    <subfield code="a">WI&#x15A;NIEWSKI, Edward.</subfield>
    <subfield code="b">Politechnika Koszali&#x144;ska - Instytut Zarz&#x105;dzania i Marketingu,</subfield>
    <subfield code="c">Katedra Teorii Ekonomii</subfield>
    <subfield code="d">1996 - 2006.</subfield>
  </datafield>
  <datafield tag="773" ind1="0" ind2=" ">
    <subfield code="i">W : </subfield>
    <subfield code="t">Problemy rozwoju spo&#x142;eczno-gospodarczego w procesie restrukturyzacji Pomorza &#x15A;rodkowego / red. nauk. Micha&#x142; Jasiulewicz, Bogus&#x142;aw Polak. -</subfield>
    <subfield code="d">Koszalin : Wydaw. Uczelniane Politechniki Koszali&#x144;skiej, 1996. -</subfield>
    <subfield code="g">s. 363-369</subfield>
  </datafield>
  <datafield tag="942" ind1=" " ind2=" ">
    <subfield code="c">ROZ</subfield>
    <subfield code="2">UKD</subfield>
  </datafield>
  <datafield tag="999" ind1=" " ind2=" ">
    <subfield code="c">10511</subfield>
    <subfield code="d">10511</subfield>
  </datafield>
</record>
